Miasta w Europie powyżej 300 tysięcy mieszkańców na mapie - Statystyki

Ogólne statystyki
  • Ten quiz został rozwiązany 306 razy
  • Średni wynik to 104 z 185
Odpowiedzi na mapie
Odpowiedzi zakodowano w zielono-czerwonej skali na mapie do tego quizu, zgodnie z poniższymi procentami.
 
Statystyki odpowiedzi
Państwo Miasto Ludność % Poprawnych
Polska Gdańsk 490k
98%
Polska Kraków 800k
98%
Polska Warszawa 1,8 mln
98%
Polska Łódź 650k
96%
Wielka Brytania Londyn 8,8 mln
96%
Polska Lublin 330k
96%
Francja Paryż 2,1 mln
96%
Polska Poznań 540k
96%
Polska Szczecin 390k
96%
Polska Wrocław 670k
96%
Hiszpania Madryt 3,4 mln
95%
Grecja Ateny 3,1 mln
94%
Hiszpania Barcelona 1,7 mln
94%
Polska Bydgoszcz 325k
94%
Ukraina Kijów 3 mln
94%
Portugalia Lizbona 540k
94%
Czechy Praga 1,4 mln
94%
Włochy Rzym 2,7 mln
94%
Niemcy Berlin 3,7 mln
93%
Węgry Budapeszt 1,7 mln
93%
Irlandia Dublin 1,2 mln
93%
Dania Kopenhaga 1,4 mln
93%
Białoruś Mińsk 2 mln
93%
Norwegia Oslo 720k
93%
Austria Wiedeń 2 mln
93%
Rumunia Bukareszt 1,7 mln
92%
Niemcy Monachium 1,5 mln
92%
Rosja Moskwa 13,2 mln
92%
Turcja Stambuł 15,2 mln
92%
Estonia Tallinn 460k
92%
Litwa Wilno 590k
91%
Chorwacja Zagrzeb 660k
91%
Holandia Amsterdam 1,1 mln
90%
Finlandia Helsinki 680k
90%
Rosja Królewiec 490k
90%
Ukraina Lwów 720k
90%
Rosja Petersburg 5,6 mln
90%
Bułgaria Sofia 1,2 mln
90%
Szwecja Sztokholm 990k
90%
Łotwa Ryga 590k
89%
Słowacja Bratysława 480k
88%
Belgia Bruksela 2 mln
88%
Francja Marsylia 880k
88%
Włochy Mediolan 1,3 mln
88%
Wielka Brytania Manchester 470k
87%
Włochy Neapol 910k
87%
Serbia Belgrad 1,2 mln
85%
Niemcy Hamburg 1,8 mln
85%
Albania Tirana 390k
85%
Włochy Turyn 850k
85%
Francja Lyon 520k
83%
Wielka Brytania Glasgow 630k
82%
Wielka Brytania Liverpool 510k
82%
Bośnia i Hercegowina Sarajewo 350k
81%
Hiszpania Sewilla 690k
81%
Grecja Saloniki 800k
80%
Niemcy Dortmund 600k
79%
Niemcy Frankfurt 760k
79%
Mołdawia Kiszyniów 570k
79%
Holandia Rotterdam 870k
79%
Macedonia Północna Skopje 420k
79%
Czechy Brno 400k
78%
Szwecja Malmo 360k
78%
Włochy Palermo 620k
78%
Ukraina Odessa 1 mln
77%
Ukraina Charków 1,4 mln
76%
Wielka Brytania Birmingham 1,1 mln
75%
Wielka Brytania Edynburg 500k
75%
Niemcy Kolonia 1 mln
75%
Litwa Kowno 300k
75%
Niemcy Drezno 560k
74%
Hiszpania Bilbao 350k
73%
Ukraina Donieck 900k
73%
Hiszpania Walencja 820k
73%
Holandia Haga 850k
72%
Francja Nicea 350k
72%
Wielka Brytania Belfast 450k
71%
Włochy Florencja 360k
70%
Niemcy Lipsk 610k
70%
Szwajcaria Zurych 440k
70%
Białoruś Brześć 340k
68%
Szwecja Goteborg 610k
68%
Hiszpania Malaga 590k
66%
Białoruś Grodno 360k
65%
Włochy Genua 530k
64%
Niemcy Stuttgart 610k
64%
Niemcy Brema 590k
63%
Włochy Bari 320k
62%
Wielka Brytania Cardiff 350k
62%
Austria Graz 310k
62%
Bułgaria Warna 320k
62%
Belgia Antwerpia 1 mln
61%
Wielka Brytania Leeds 530k
60%
Włochy Bolonia 390k
59%
Niemcy Norymberga 530k
59%
Hiszpania Saragossa 690k
58%
Ukraina Sewastopol 485k
58%
Francja Tuluza 510k
57%
Ukraina Dniepropietrowsk 970k
56%
Niemcy Dusseldorf 620k
56%
Hiszpania Palma 440k
56%
Niemcy Hanower 520k
54%
Rosja Kazań 1,3 mln
53%
Włochy Katania 300k
52%
Dania Aarhus 300k
49%
Rosja Soczi 445k
49%
France Nantes 325k
48%
Holandia Eindhoven 320k
47%
Rosja Wołgograd 1 mln
47%
Niemcy Essen 570k
46%
Rosja Rostów nad Donem 1,1 mln
46%
Niemcy Bonn 320k
45%
Rosja Smoleńsk 310k
45%
Ukraina Zaporoże 710k
45%
Bułgaria Płowdiw 330k
43%
Wielka Brytania Bristol 425k
42%
Białoruś Homel 500k
42%
Rosja Krasnodar 1,1 mln
42%
Ukraina Ługańsk 400k
42%
Hiszpania Vigo 300k
42%
Rosja Niżny Nowogród 1,2 mln
41%
Ukraina Mariupol 425k
40%
Hiszpania Alicante 360k
39%
Ukraina Krzywy Róg 600k
38%
Belgia Liege 500k
38%
Hiszpania Murcja 470k
38%
Rosja Samara 1,1 mln
38%
Niemcy Augsburg 300k
37%
Wielka Brytania Sheffield 500k
37%
Holandia Utrecht 400k
37%
Belgia Gandawa 430k
36%
Rosja Ufa 1,1 mln
36%
Rosja Grozny 400k
35%
Ukraina Mikołajów 470k
35%
Francja Montpellier 300k
35%
Wielka Brytania Leicester 410k
34%
Białoruś Witebsk 360k
34%
Hiszpania Kordoba 320k
33%
Rosja Perm 1 mln
33%
Niemcy Bielefeld 330k
31%
Niemcy Duisburg 500k
29%
Niemcy Mannheim 320k
29%
Rosja Machaczkała 620k
28%
Ukraina Winnica 370k
27%
Niemcy Bochum 360k
26%
Rosja Kursk 435k
26%
Białoruś Mohylew 350k
26%
Rosja Woroneż 1 mln
26%
Ukraina Symferopol 340k
25%
Rosja Jarosław 560k
24%
Rosja Astrachań 465k
23%
Finlandia Espoo 320k
23%
Hiszpania Valladolid 300k
23%
Belgia Charleroi 360k
21%
Niemcy Munster 310k
21%
Rosja Saratów 890k
21%
Niemcy Wuppertal 360k
20%
Wielka Brytania Coventry 345k
19%
Niemcy Karlsruhe 320k
19%
Rosja Tula 460k
19%
Rosja Biełgorod 320k
16%
Rosja Riazań 520k
16%
Rosja Briańsk 370k
14%
Rosja Twer 415k
13%
Rosja Orenburg 530k
9%
Rosja Toljatti 620k
9%
Rosja Uljanowsk 610k
9%
Wielka Brytania Bradford 330k
8%
Rosja Stawropol 560k
8%
Rosja Wołogda 310k
8%
Rosja Iżewsk 610k
7%
Rosja Kaluga 325k
7%
Rosja Penza 490k
7%
Rosja Kirow 475k
6%
Rosja Lipeck 480k
5%
Ukraina Makiejewka 340k
5%
Kazachstan Atyrau 320k
4%
Rosja Iwanowo 350k
4%
Rosja Podolsk 310k
4%
Rosja Sarańsk 310k
4%
Rosja Czeboksary 500k
3%
Rosja Bałaszycha 540k
2%
Rosja Nabierieżnyje Czełny 550k
2%
Rosja Władymir 340k
2%
Rosja Wołżsk 310k
2%
Nie znaleziono quizów pasujących do podanych kryteriów
Rozkład punktacji
Procent ludzi z każdym wynikiem
Percentyl według liczby udzielonych odpowiedzi
Twoja historia wyników
Nie rozwiązałeś tego quizu